Sources of the Western tradition / (Record no. 13307)
[ view plain ]
| 000 -LEADER | |
|---|---|
| fixed length control field | 01311cam a2200313 i 4500 |
| 001 - CONTROL NUMBER | |
| control field | 13736006 |
| 003 - CONTROL NUMBER IDENTIFIER | |
| control field | EG-ScBUE |
| 005 - DATE AND TIME OF LATEST TRANSACTION | |
| control field | 20230713121539.0 |
| 008 - FIXED-LENGTH DATA ELEMENTS--GENERAL INFORMATION | |
| fixed length control field | 040930s2006 maua f 000 0 eng d |
| 020 ## - INTERNATIONAL STANDARD BOOK NUMBER | |
| International Standard Book Number | 0618473866 (v. 1) |
| 020 ## - INTERNATIONAL STANDARD BOOK NUMBER | |
| International Standard Book Number | 9780618473861 |
| 040 ## - CATALOGING SOURCE | |
| Original cataloging agency | DLC |
| Language of cataloging | eng |
| Description conventions | rda |
| Transcribing agency | DLC |
| Modifying agency | DLC |
| -- | EG-ScBUE |
| 082 04 - DEWEY DECIMAL CLASSIFICATION NUMBER | |
| Classification number | 909.09821 |
| Edition number | 22 |
| Item number | WES |
| 245 00 - TITLE STATEMENT | |
| Title | Sources of the Western tradition / |
| Statement of responsibility, etc | [edited by] Marvin Perry, Baruch College, City University of New York, Joseph R. Peden, Baruch College, City University of New York, Theodore H. Von Laue, Clark University. |
| 250 ## - EDITION STATEMENT | |
| Edition statement | Sixth edition. |
| 264 #1 - PUBLICATION, DISTRIBUTION, ETC. (IMPRINT) | |
| Place of publication, distribution, etc | Boston ; |
| -- | New York : |
| Name of publisher, distributor, etc | Houghton Mifflin Company, |
| Date of publication, distribution, etc | 2006. |
| 300 ## - PHYSICAL DESCRIPTION | |
| Extent | 2 volumes : |
| Other physical details | illustrations ; |
| Dimensions | 23 cm |
| 336 ## - CONTENT TYPE | |
| Source | rdacontent |
| Content type term | text |
| Content type code | txt |
| 337 ## - MEDIA TYPE | |
| Source | rdamedia |
| Media type term | unmediated |
| Media type code | n |
| 338 ## - CARRIER TYPE | |
| Source | rdacarrier |
| Carrier type term | volume |
| Carrier type code | nc |
| 505 0# - FORMATTED CONTENTS NOTE | |
| Formatted contents note | Volume 1. From ancient times to the Enlightenment -- Volume 2. From the Renaissance to the present. |
| 650 #7 - SUBJECT ADDED ENTRY--TOPICAL TERM | |
| Topical term or geographic name as entry element | Civilization, Western |
| General subdivision | History |
| Form subdivision | Sources. |
| Source of heading or term | BUEsh |
| 9 (RLIN) | 11068 |
| 655 ## - INDEX TERM--GENRE/FORM | |
| Form subdivision | Reading book |
| 700 1# - ADDED ENTRY--PERSONAL NAME | |
| Personal name | Perry, Marvin, |
| Relator term | editor. |
| 9 (RLIN) | 11069 |
| 700 1# - ADDED ENTRY--PERSONAL NAME | |
| Personal name | Peden, Joseph R., |
| Relator term | editor. |
| 9 (RLIN) | 11070 |
| 700 1# - ADDED ENTRY--PERSONAL NAME | |
| Personal name | Von Laue, Theodore H. |
| Fuller form of name | (Theodore Hermann) |
| Relator term | editor. |
| 9 (RLIN) | 11071 |
| 942 ## - ADDED ENTRY ELEMENTS (KOHA) | |
| Source of classification or shelving scheme | Dewey Decimal Classification |
| Koha item type | Book - Borrowing |
| Withdrawn status | Lost status | Source of classification or shelving scheme | Damaged status | Not for loan | Collection code | Home library | Current library | Shelving location | Date acquired | Source of acquisition | Cost, normal purchase price | Serial Enumeration / chronology | Total Checkouts | Full call number | Barcode | Date last seen | Price effective from | Koha item type |
|---|---|---|---|---|---|---|---|---|---|---|---|---|---|---|---|---|---|---|
| Dewey Decimal Classification | Central Library | Central Library | Second Floor | 07/02/2010 | 225.00 | 1324 | 909.09821 WES | 000019637 | 15/07/2025 | 07/02/2010 | Book - Borrowing |